<?xml version="1.0" encoding="UTF-8"?><?xml-stylesheet type="text/xsl" href="static/style.xsl"?><OAI-PMH xmlns="http://www.openarchives.org/OAI/2.0/" xmlns:xsi="http://www.w3.org/2001/XMLSchema-instance" xsi:schemaLocation="http://www.openarchives.org/OAI/2.0/ http://www.openarchives.org/OAI/2.0/OAI-PMH.xsd"><responseDate>2026-06-29T02:47:52Z</responseDate><request verb="GetRecord" identifier="oai:docta.ucm.es:20.500.14352/126177" metadataPrefix="marc">https://docta.ucm.es/rest/oai/request</request><GetRecord><record><header><identifier>oai:docta.ucm.es:20.500.14352/126177</identifier><datestamp>2025-11-19T01:17:21Z</datestamp><setSpec>com_20.500.14352_14</setSpec><setSpec>col_20.500.14352_15</setSpec></header><metadata><record xmlns="http://www.loc.gov/MARC21/slim" xmlns:dcterms="http://purl.org/dc/terms/" xmlns:xsi="http://www.w3.org/2001/XMLSchema-instance" xmlns:doc="http://www.lyncode.com/xoai" xsi:schemaLocation="http://www.loc.gov/MARC21/slim http://www.loc.gov/standards/marcxml/schema/MARC21slim.xsd">
   <leader>00925njm 22002777a 4500</leader>
   <datafield ind2=" " ind1=" " tag="042">
      <subfield code="a">dc</subfield>
   </datafield>
   <datafield ind2=" " ind1=" " tag="720">
      <subfield code="a">Burillo Albizua, Almudena</subfield>
      <subfield code="e">author</subfield>
   </datafield>
   <datafield ind2=" " ind1=" " tag="720">
      <subfield code="a">Pedro Botet, María Luisa</subfield>
      <subfield code="e">author</subfield>
   </datafield>
   <datafield ind2=" " ind1=" " tag="720">
      <subfield code="a">Bouza Santiago, Emilio</subfield>
      <subfield code="e">author</subfield>
   </datafield>
   <datafield ind2=" " ind1=" " tag="260">
      <subfield code="c">2017-03-01</subfield>
   </datafield>
   <datafield ind2=" " ind1=" " tag="520">
      <subfield code="a">Este artículo revisa la microbiología, el diagnóstico de laboratorio y la epidemiología de la legionelosis. Legionella spp. son bacilos gramnegativos ubicuos en medios acuáticos, con más de 58 especies y 70 serogrupos identificados. Legionella pneumophila serogrupo 1 es el principal agente causante de enfermedad humana. La transmisión se produce principalmente por inhalación de aerosoles contaminados procedentes de sistemas de agua, torres de refrigeración o dispositivos sanitarios. La enfermedad puede manifestarse como fiebre de Pontiac o como la forma más grave, la enfermedad del legionario, con una mortalidad alrededor del 10% y hasta el 25% en casos nosocomiales o en inmunodeprimidos. Se revisan métodos diagnósticos como el cultivo (gold standard), la detección de antígeno urinario, PCR y serología. Epidemiológicamente, la incidencia muestra variabilidad geográfica, estacionalidad y un incremento progresivo en los últimos años, con predominio de casos comunitarios. Se describen los factores de riesgo del huésped y las características de las fuentes ambientales, así como las técnicas de tipado molecular utilizadas en estudios de brotes.</subfield>
   </datafield>
   <datafield ind2=" " ind1=" " tag="520">
      <subfield code="a">Legionnaire's disease (LD) is the pneumonic form of legionellosis caused by aerobic gram-negative bacilli of the genus Legionella. Individuals become infected when they inhale aerosolized water droplets contaminated with Legionella species. Forty years after the identification of Legionella pneumophila as the cause of the 1976 pneumonia outbreak in a hotel in Philadelphia, we have non-culture-based diagnostic tests, effective antibiotics, and preventive measures to handle LD. With a mortality rate still around 10%, underreporting, and sporadic outbreaks, there is still much work to be done. In this article, the authors review the microbiology, laboratory diagnosis, and epidemiology of LD.</subfield>
   </datafield>
   <datafield ind1="8" ind2=" " tag="024">
      <subfield code="a">Burillo A, Pedro-Botet ML, Bouza E. Microbiology and Epidemiology of Legionnaire's Disease. Infect Dis Clin North Am. 2017 Mar;31(1):7-27. doi: 10.1016/j.idc.2016.10.002</subfield>
   </datafield>
   <datafield ind1="8" ind2=" " tag="024">
      <subfield code="a">0891-5520</subfield>
   </datafield>
   <datafield ind1="8" ind2=" " tag="024">
      <subfield code="a">10.1016/j.idc.2016.10.002</subfield>
   </datafield>
   <datafield ind1="8" ind2=" " tag="024">
      <subfield code="a">https://hdl.handle.net/20.500.14352/126177</subfield>
   </datafield>
   <datafield ind1="8" ind2=" " tag="024">
      <subfield code="a">1557-9824</subfield>
   </datafield>
   <datafield ind1="8" ind2=" " tag="024">
      <subfield code="a">https://doi.org/10.1016/j.idc.2016.10.002</subfield>
   </datafield>
   <datafield ind1="8" ind2=" " tag="024">
      <subfield code="a">28159177</subfield>
   </datafield>
   <datafield ind1="8" ind2=" " tag="024">
      <subfield code="a">https://www.sciencedirect.com/science/article/abs/pii/S0891552016300885?via%3Dihub</subfield>
   </datafield>
   <datafield ind1="8" ind2=" " tag="024">
      <subfield code="a">https://pubmed.ncbi.nlm.nih.gov/28159177/</subfield>
   </datafield>
   <datafield ind2="0" ind1="0" tag="245">
      <subfield code="a">Microbiology and Epidemiology of Legionnaire’s Disease</subfield>
   </datafield>
</record></metadata></record></GetRecord></OAI-PMH>